History Quiz

Random History or War Quiz

American Civil War Match-up Quiz Stats

 Plays Quiz Updated Feb 16, 2019

Score 0/30 Timer 05:00
11 Plays Today
% Correct
Abraham
99.2%
Ulysses S.
97.4%
Robert E.
96.7%
Gettysburg
96.5%
Emancipation
95.6%
Uncle Tom's
95%
Stonewall
93.8%
Harriet
93.4%
Frederick
90.6%
Jefferson
89.2%
Harpers
87.4%
Siege of
86.5%
Lincoln–Douglas
85.5%
Missouri
84.7%
Dred
84.4%
% Correct
Sherman's
84%
Appomattox
83.5%
Clara
81.6%
Pickett's
78.3%
USS
70.7%
Andersonville
68.5%
Radical
68.3%
Dorothea
66.8%
Pottawatomie
65%
Bleeding
64.7%
Ambrose
64.5%
Freedmen's
61%
Mathew
57.6%
Wilmot
38.5%
Ex parte
24%

You're not logged in!

Compare scores with friends on all Sporcle quizzes.
OR
Log In

Show Comments

Extras

Top Quizzes Today


Score Distribution

Your Account Isn't Verified!

In order to create a playlist on Sporcle, you need to verify the email address you used during registration. Go to your Sporcle Settings to finish the process.

Report this User

Report this user for behavior that violates our Community Guidelines.

Details: